Third world second seoc : Women's struggles and national libreation : Third world womens speach out (Record no. 1455269)

MARC details
000 -LEADER
fixed length control field 00628nam a2200205Ia 4500
005 - DATE AND TIME OF LATEST TRANSACTION
control field 20250923145743.0
008 - FIXED-LENGTH DATA ELEMENTS--GENERAL INFORMATION
fixed length control field 008 250917s9999 xx 000 0 eng d
037 ## - SOURCE OF ACQUISITION
Stock number Textual
040 ## - CATALOGING SOURCE
Original cataloging agency DSWL
Language of cataloging eng
Transcribing agency DSWL
041 ## - LANGUAGE CODE
Language code of text/sound track or separate title eng
Source of code eng
084 ## - COLON CLASSIFICATION NUMBER
Classification number Y15oaw81.1, N83
Assigning agency DSWL
100 ## - MAIN ENTRY--PERSONAL NAME
Personal name Davies, M.
9 (RLIN) 838611
245 #0 - TITLE STATEMENT
Title Third world second seoc : Women's struggles and national libreation : Third world womens speach out
Statement of responsibility, etc. by M. Davies
260 ## - PUBLICATION, DISTRIBUTION, ETC.
Place of publication, distribution, etc. London
Name of publisher, distributor, etc. Zed Books
Date of publication, distribution, etc. 1983
300 ## - PHYSICAL DESCRIPTION
Extent vii,257p.
365 ## - TRADE PRICE
Price type code GBP
Price amount 6.5
925 ## -
-- 6.5
942 ## - ADDED ENTRY ELEMENTS (KOHA)
Koha item type Textual
Classification part Y15oaw81.1, N83
Holdings
Withdrawn status Lost status Damaged status Not for loan Home library Current library Date acquired Source of acquisition Inventory number Total Checkouts Full call number Barcode Date last seen Price effective from Koha item type
        Department of Social Work Library Department of Social Work Library 2025-09-23 Select Book S.Synd. 1690/7.1.87   Y15oaw81.1, N83 SW0023041 2025-09-23 2025-09-23 Textual
Copyright @ Delhi University Library System